| 000 | 01011nam a22002057a 4500 | ||
|---|---|---|---|
| 003 | OSt | ||
| 005 | 20150827181142.0 | ||
| 008 | 150409b xxu||||| |||| 00| 0 eng d | ||
| 040 | _cBMC | ||
| 082 | _a004.1 | ||
| 100 | 1 |
_934794 _aMorán Portillo, Reina Esperanza |
|
| 245 | 1 |
_aPasantía de asistente informático de la jefatura del departamento de estadística y documentos médicos del Hospital Nacional San Juan de Dios de Santa Ana _b: Informe final _cReina Esperanza Morán Portillo |
|
| 260 |
_aSanta Ana (El Salvador) _bUniversidad Católica de Occidente _c2005 |
||
| 300 |
_a1 v. (pág. var.) _bil. col _c28 cm _e+ 1 disco compacto |
||
| 500 | _aPrecede al tít.: Universidad Católica de Occidente, Facultad de Ciencias Económicas | ||
| 502 | _aTrabajo de graduación para optar al grado académico de Licenciatura en Computación Administrativa Empresarial | ||
| 650 | 2 | 4 |
_92031 _aInformática |
| 710 | 2 |
_934796 _aUniversidad Católica de Occidente _bFacultad de Ciencias Económicas |
|
| 942 |
_2ddc _cTG |
||
| 999 |
_c21247 _d21247 |
||